Colonias de educación para formación general y profesional y para readaptación social : (Record no. 96676)

MARC details
000 -LEADER
campo de control de longitud fija 00790nam a2200181 i 4500
001 - NÚMERO DE CONTROL
campo de control 96676
003 - IDENTIFICADOR DE NÚMERO DE CONTROL
campo de control ES-MaACL
005 - FECHA Y HORA DE LA ÚLTIMA TRANSACCIÓN
campo de control 20230906181946.0
007 - CAMPO FIJO DE DESCRIPCIÓN FÍSICA--INFORMACIÓN GENERAL
campo de control de longitud fija t|
008 - DATOS DE LONGITUD FIJA--INFORMACIÓN GENERAL
campo de control de longitud fija 050629s1930 sp ||||1| spa d
100 1# - ENTRADA PRINCIPAL--NOMBRE DE PERSONA
Nombre de persona Mallart y Cutó, José.
9 (RLIN) 75793
245 10 - MENCIÓN DEL TÍTULO
Título Colonias de educación para formación general y profesional y para readaptación social :
Resto del título memoria premiada por la Real Academia de Ciencias Morales y Políticas en el concurso de la Fundación instituida por D. José Santa María de Hita /
Mención de responsabilidad, etc. José Mallart y Cutó.
260 ## - PUBLICACIÓN, DISTRIBUCIÓN, ETC.
Lugar de publicación, distribución, etc. Madrid :
Nombre del editor, distribuidor, etc. [s.n.],
Fecha de publicación, distribución, etc. 1930 (
Fabricante Imp. de Ernesto Catalá)
300 ## - DESCRIPCIÓN FÍSICA
Extensión 152 p. ;
Dimensiones 24 cm.
650 #4 - PUNTO DE ACCESO ADICIONAL DE MATERIA--TÉRMINO DE MATERIA
Término de materia o nombre geográfico como elemento de entrada Colonias escolares-
Subdivisión geográfica España.
9 (RLIN) 148577
710 2# - ENTRADA AGREGADA--NOMBRE DE ENTIDAD CORPORATIVA
Nombre de entidad corporativa o nombre de jurisdicción como elemento de entrada Real Academia de Ciencias Morales y Políticas (España)
9 (RLIN) 6299
852 ## - LOCALIZACIÓN
Ubicación ES-MaACL
Número de control de estantería A-195
Holdings
Estatus retirado Estado de pérdida Estado de daño No para préstamo Biblioteca de origen Biblioteca actual Ubicación en estantería Fecha de adquisición Fuente de adquisición Total de préstamos Signatura topográfica completa Código de barras Visto por última vez Precio de reemplazo Tipo de ítem Koha
        Biblioteca del Ateneo de Madrid Biblioteca del Ateneo de Madrid Sala Pecera Planta 1 17/01/2008     A-195 1100929 23/02/2023 23/02/2023 Libro impreso